| 000 | 00606nam a2200217 a 4500 | ||
|---|---|---|---|
| 999 |
_c3085 _d3085 |
||
| 001 | 3085 | ||
| 003 | BD-JhCC | ||
| 005 | 20171109194117.0 | ||
| 008 | 171109s1978 bg |||| |||| 000 0 ben d | ||
| 035 | _a(BD-JhCC)3085 | ||
| 040 |
_aBD-JhCC _dBD-JhCC |
||
| 041 | _aben | ||
| 082 |
_a891.442 _bAHA 1978 |
||
| 100 | _aআহমদ, সাঈদ | ||
| 245 |
_aপ্রতিদিন একদিন / _cসাঈদ আহমদ. |
||
| 260 |
_aঢাকা : _bবাংলা একাডেমী, _c1978. |
||
| 300 |
_a55 p. : _c22 cm. |
||
| 650 | _aBengali Drama | ||
| 942 |
_2ddc _cBK |
||